Memoria justificativa que dirige a sus conciudadanos el general Córdoba en vindicación de los cargos que por la prensa nacioanl y extranjera se han hecho a su conducta militar o política en el mando de los ejércitos de oposiciones y de reserva. (Record no. 53689)

MARC details
000 -LEADER
campo de control de longitud fija 00984nam a2200217 i 4500
001 - NÚMERO DE CONTROL
campo de control 53689
003 - IDENTIFICADOR DE NÚMERO DE CONTROL
campo de control ES-MaACL
005 - FECHA Y HORA DE LA ÚLTIMA TRANSACCIÓN
campo de control 20250823063037.0
007 - CAMPO FIJO DE DESCRIPCIÓN FÍSICA--INFORMACIÓN GENERAL
campo de control de longitud fija t|
008 - DATOS DE LONGITUD FIJA--INFORMACIÓN GENERAL
campo de control de longitud fija 960704s1837 sp ||||1| spa d
040 ## - FUENTE DE CATALOGACIÓN
Centro catalogador/agencia de origen CAM
Lengua de catalogación spa
Centro/agencia transcriptor CAM
100 1# - ENTRADA PRINCIPAL--NOMBRE DE PERSONA
Nombre de persona Fernandez de Córdoba, Luis,
Fechas asociadas al nombre 1798-1840
9 (RLIN) 49653
245 10 - MENCIÓN DEL TÍTULO
Título Memoria justificativa que dirige a sus conciudadanos el general Córdoba en vindicación de los cargos que por la prensa nacioanl y extranjera se han hecho a su conducta militar o política en el mando de los ejércitos de oposiciones y de reserva.
260 ## - PUBLICACIÓN, DISTRIBUCIÓN, ETC.
Lugar de publicación, distribución, etc. Madrid :
Nombre del editor, distribuidor, etc. [s.n.],
Fecha de publicación, distribución, etc. 1837 (
Fabricante Imprenta de Tomás Jordan)
300 ## - DESCRIPCIÓN FÍSICA
Extensión 517 [i.e. 617], [2] p., [1] h. pleg. de map ;
Dimensiones 19 cm.
530 ## - NOTA DISPONIBLE DE FORMULARIO FÍSICO ADICIONAL
Nota de formato físico adicional disponible Disponible en formato digital.
651 #4 - PUNTO DE ACCESO ADICIONAL DE MATERIA--NOMBRE GEOGRÁFICO
Nombre geográfico España-
Subdivisión general Historia-
Subdivisión cronológica 1833-1840, Guerra carlista
9 (RLIN) 8250
852 ## - LOCALIZACIÓN
Ubicación ES-MaACL
Número de control de estantería G-9828
856 ## - LOCALIZACIÓN Y ACCESO ELECTRÓNICOS
Identificador Uniforme de Recursos <a href="http://bdh-rd.bne.es/viewer.vm?id=0000114298&page=1 ">http://bdh-rd.bne.es/viewer.vm?id=0000114298&page=1 </a>
Nota pública Biblioteca Digital Hispánica
Holdings
Estatus retirado Estado de pérdida Estado de daño No para préstamo Colección Biblioteca de origen Biblioteca actual Ubicación en estantería Fecha de adquisición Fuente de adquisición Total de préstamos Signatura topográfica completa Código de barras Visto por última vez Precio de reemplazo Tipo de ítem Koha
        Colección digital Biblioteca del Ateneo de Madrid Biblioteca del Ateneo de Madrid Sala Pecera Planta 3 17/01/2008     G-9828 1056416 23/02/2023 23/02/2023 Libro impreso antiguo